000 00388nam a22001577a 4500
005 20170330113000.0
008 170330b xxu||||| |||| 00| 0 eng d
020 _a978-81-219-3230-1
041 _aeng
100 _aMADAN,DR R.L
_93723
245 _aCHEMISTRY FOR DEGREE STUDENTS,B.Sc 1 st YEAR
260 _bS CHAND
_c2010
300 _a969
650 _aENGINEERING
_93724
942 _cBK
999 _c5351
_d5349